Normal view
MARC view
- Gethha Lakshmi
Entry Personal Name
001 - CONTROL NUMBER
- control field: 5152
003 - CONTROL NUMBER IDENTIFIER
- control field: OSt
005 - DATE AND TIME OF LATEST TRANSACTION
- control field: 20220125115735.0
008 - FIXED-LENGTH DATA ELEMENTS
- fixed length control field: 220125|| aca||aabn | a|a d
040 ## - CATALOGING SOURCE
- Original cataloging agency: OSt
- Transcribing agency: OSt
100 ## - HEADING--PERSONAL NAME
- Personal name: Gethha Lakshmi
670 ## - SOURCE DATA FOUND
- Source citation: Work cat.: (OSt)13688: Srinivasan, K 5149, Tractors and agricultural machinery, 2011
